A study of the effects of a glucose polymer drink on performance time, plasma volume changes, rectal temperature, and sweat rate during a prolonged exercise bout /

Bibliographic Details
Main Author: Mihalov, Luanne Carol
Format: Thesis Microform Book
Language:English
Published: [Place of publication not identified] : [publisher not identified] ; 1984.
Subjects:

MARC

Tag First Indicator Second Indicator Subfields
LEADER 00000cam a2200000 a 4500
001 in00000030002
005 20151007054839.0
007 he bmb|||||||
008 860429r19861984orua bb 00010 eng d
035 |a (OCoLC)13508588 
035 |9 AAB6414AM 
040 |a OrU  |c XBM  |d XBM  |d HPE  |d TXA  |d UtOrBLW 
049 |a TXAI 
099 |a fiche  |a C  |a 9470 
100 1 |a Mihalov, Luanne Carol. 
245 1 2 |a A study of the effects of a glucose polymer drink on performance time, plasma volume changes, rectal temperature, and sweat rate during a prolonged exercise bout /  |c by Luanne Carol Mihalov. 
264 1 |a [Place of publication not identified] :  |b [publisher not identified] ;  |c 1984. 
300 |a vi, 84 leaves :  |b illustrations 
336 |a text  |b txt  |2 rdacontent 
337 |a microform  |b h  |2 rdamedia 
338 |a microfiche  |b he  |2 rdacarrier 
502 |b M.S.  |c Purdue University  |d 1984. 
504 |a Bibliography: leaves 73-81. 
533 |a Microfiche.  |b Eugene :  |c Microform Publications, College of Human Development and Performance, University of Oregon,  |d 1986.  |e 1 microfiche : negative ; 11 x 15 cm. 
500 |a Microform. 
650 0 |a Dietary supplements  |x Physiological aspects. 
650 0 |a Glucose  |x Physiological aspects. 
650 0 |a Energy metabolism. 
999 |a MARS 
999 f f |s bd95c65e-c760-33ea-a32e-d6abd01d74c3  |i fcf0ef05-2560-3198-8a21-e588155797ef  |t 0 
952 f f |p normal  |a Texas A&M University  |b College Station  |c Sterling C. Evans Library  |d Evans: Microforms (3rd floor)  |t 0  |e fiche C 9470  |h Other scheme  |i microform -- microfiche  |m A14823242814 
998 f f |a fiche C 9470  |t 0  |l Evans: Microforms (3rd floor)